LIBRARY & INFORMATION CENTRE, KCAET, TAVANUR

ONLINE PUBLIC ACCESS CATALOGUE (OPAC)

Statics and strength of materials / (Record no. 9233)

MARC details
000 -LEADER
fixed length control field 00411cam a2200157ua 4500
003 - CONTROL NUMBER IDENTIFIER
control field OSt
008 - FIXED-LENGTH DATA ELEMENTS--GENERAL INFORMATION
fixed length control field 250512b |||||||| |||| 00| 0 eng d
020 ## - INTERNATIONAL STANDARD BOOK NUMBER
ISBN 0 02 322300 6
041 ## - LANGUAGE CODE
Language code of text/sound track or separate title eng
082 ## - DEWEY DECIMAL CLASSIFICATION NUMBER
Classification number 624.17
Item number CHE/ST
100 ## - MAIN ENTRY--AUTHOR NAME
Personal name Cheng, Fawhwa P E .
245 ## - TITLE STATEMENT
Title Statics and strength of materials /
260 ## - PUBLICATION, DISTRIBUTION, ETC. (IMPRINT)
Place of publication New York :
Name of publisher Macmillan publishing co. ,
Year of publication 1985.
300 ## - PHYSICAL DESCRIPTION
Number of Pages 541 ; .
942 ## - ADDED ENTRY ELEMENTS (KOHA)
Koha item type Books
Holdings
Withdrawn status Lost status Damaged status Home library Current library Date acquired Full call number Accession Number Koha item type
      KAUAET KAUAET 07/04/2012 624.17 CHE/ST 15887 Books
free website counter